书目信息 |
| 题名: |
供应链金融
|
|
| 作者: | 宋华 著 | |
| 分册: | ||
| 出版信息: | 北京 中国人民大学出版社 2021.03 |
|
| 页数: | 399页 | |
| 开本: | 26cm | |
| 丛书名: | ||
| 单 册: | ||
| 中图分类: | F252.2 | |
| 科图分类: | ||
| 主题词: | 物资经济 | |
| 电子资源: | ||
| ISBN: | 7-300-28889-8 | |
| 000 | 00552nam0 2200193 450 | |
| 001 | 2339734902 | |
| 005 | 20230215110341.04 | |
| 010 | @a7-300-28889-8@dCNY99.00 | |
| 100 | @a20230215d2021 km y0chiy0120 ea | |
| 101 | 0 | @achi |
| 102 | @aCN@b110000 | |
| 200 | 1 | @a供应链金融@AGong Ying Lian Jin Rong@f宋华著@FSong Hua Zhu |
| 210 | @a北京@c中国人民大学出版社@d2021.03 | |
| 215 | @a399页@d26cm | |
| 606 | 0 | @a物资经济 |
| 690 | @aF252.2@v4 | |
| 701 | 0 | @a宋华@ASong Hua@4著 |
| 801 | 0 | @aCN@b大连网信软件有限公司图书馆·11@c20230215 |
| 905 | @aZUCC@dF252.2@e343 | |
| 供应链金融/宋华著.-北京:中国人民大学出版社,2021.03 |
| 399页;26cm |
| ISBN 7-300-28889-8:CNY99.00 |
| ● |
| 相关链接 |
|
|
|
|
正题名:供应链金融
索取号:F252.2/343
 
预约/预借
| 序号 | 登录号 | 条形码 | 馆藏地/架位号 | 状态 | 备注 |
| 1 | 1052659 | 210526590 | 第一样本阅览室/ [索取号:F252.2/343] | 在馆 |